Décima Primera Exposición Bienal de Artes Plásticas. (Record no. 35433)
[ view plain ]
| 000 -CABECERA | |
|---|---|
| campo de control de longitud fija | 00651nam a2200181 a 4500 |
| 001 - NÚMERO DE CONTROL | |
| campo de control | 000035942 |
| 003 - IDENTIFICADOR DEL NÚMERO DE CONTROL | |
| campo de control | DO-SdBNP |
| 005 - FECHA Y HORA DE LA ÚLTIMA TRANSACCIÓN | |
| campo de control | 20210419092345.0 |
| 008 - DATOS DE LONGITUD FIJA--INFORMACIÓN GENERAL | |
| campo de control de longitud fija | 110620s1963 dr ac r 000 0 spa d |
| 040 ## - FUENTE DE LA CATALOGACIÓN | |
| Centro catalogador/agencia de origen | DO-SdBNP |
| Lengua de catalogación | spa |
| Centro/agencia transcriptor | BNPHU |
| 082 ## - NÚMERO DE LA CLASIFICACIÓN DECIMAL DEWEY | |
| Número de clasificación | xxxx |
| Número de documento/Ítem | E96 |
| 111 2# - ENTRADA PRINCIPAL--NOMBRE DE CONGRESO/REUNIÓN | |
| Nombre de congreso/reunión o jurisdicción como elemento de entrada | Exposición Bienal de Artes Plásticas |
| Número del congreso/reunión o número de parte o sección | (11va : |
| Fecha del congreso/reunión | 19 de agost. 1963 : |
| Sede del congreso/Lugar de la reunión | Santo Domingo) |
| 9 (RLIN) | 61966 |
| 245 10 - MENCIÓN DE TÍTULO | |
| Título | Décima Primera Exposición Bienal de Artes Plásticas. |
| 260 ## - PUBLICACIÓN, DISTRIBUCIÓN, ETC. | |
| Lugar de publicación, distribución, etc. | Cuidad Trujillo, República Dominicana : |
| Nombre del editor, distribuidor, etc. | Ministerio de Educación y Bellas Artes y Cultos, |
| Fecha de publicación, distribución, etc. | [1963]. |
| 300 ## - DESCRIPCIÓN FÍSICA | |
| Extensión | 40 p. : |
| Otras características físicas | il., retrs. ; |
| Dimensiones | 17 cm. |
| 590 ## - NOTA LOCAL (RLIN) | |
| Nota local | Inventariado, 2018/LP |
| 942 ## - ELEMENTOS DE PUNTO DE ACCESO ADICIONAL (KOHA) | |
| Fuente del sistema de clasificación o colocación | Dewey Decimal Classification |
| Tipo de ítem Koha | Libro |
| Estado de retiro | Estado de pérdida | No para préstamo | Código de colección | Localización permanente | Ubicación/localización actual | Ubicación en estantería | Fecha de adquisición | Número de inventario | Total de préstamos | Signatura topográfica completa | Código de barras | Fecha visto por última vez | Número de copia | Precio válido a partir de | Tipo de ítem Koha | Nota pública | Restricciones de uso |
|---|---|---|---|---|---|---|---|---|---|---|---|---|---|---|---|---|---|
| Extraviado | Excluido de préstamo | Patrimonio Dominicano | Patrimonio Dominicano | Patrimonio Dominicano | Extraviado | 21.11.2011 | LF1 | xxxx E96 | 35942-20 | 25.06.2020 | e. 2 | 25.06.2020 | Libro y Folleto Colección Patrimonio Dominicano | Perteneció a la biblioteca personal de Carlos Larrazábal Blanco | |||
| Excluido de préstamo | Raros y valiosos | Patrimonio Dominicano | Patrimonio Dominicano | En catalogación | 21.11.2011 | LF1 | xxxx E96 | 35942-10 | 25.06.2020 | 25.06.2020 | No se presta | Perteneció a la biblioteca personal de Carlos Larrazábal Blanco |
